Best Actor Oscar Winners to Film - Statistics

General Stats
  • This quiz has been taken 210 times
  • The average score is 17 of 23
Answer Stats
Actor Movie % Correct
Forrest Gump
96%
The Godfather
92%
Tom Hanks Philadelphia
91%
Jamie Foxx Ray
86%
Leonardo DiCaprio The Revenant
83%
Lincoln
82%
Rain Man
82%
Denzel Washington Training Day
81%
Daniel-Day Lewis My Left Foot
78%
Marlon Brando On the Waterfront
78%
Charlton Heston Ben-Hur
77%
Robert De Niro Raging Bull
77%
George C. Scott Patton
74%
Jack Nicholson One Flew Over the Cuckoo's Nest
73%
As Good As It Gets
71%
Dustin Hoffman Kramer vs. Kramer
71%
There Will Be Blood
71%
John Wayne True Grit
71%
Lawrence Oliver Hamlet
67%
Clark Gable It Happened One Night
56%
High Noon
55%
James Gagney Yankee Doodle Dandy
39%
Gary Cooper Sergeant York
18%
No matching quizzes found
Score Distribution
Percent of People with Each Score
Percentile by Number Answered
Your Score History
You have not taken this quiz